Fending off fraudsters (Record no. 76267)
[ view plain ]
| 000 -LEADER | |
|---|---|
| fixed length control field | 01034cab a2200181 4500 |
| 001 - CONTROL NUMBER | |
| control field | ##L131744 |
| 008 - FIXED-LENGTH DATA ELEMENTS--GENERAL INFORMATION | |
| fixed length control field | 051205n2005 000 0 eng u |
| 035 ## - SYSTEM CONTROL NUMBER | |
| System control number | (Sirsi) u131744 |
| 041 0# - LANGUAGE CODE | |
| Language code of text/sound track or separate title | eng |
| 100 1# - MAIN ENTRY--PERSONAL NAME | |
| Personal name | Dodsworth, Catriona |
| 245 00 - TITLE STATEMENT | |
| Title | Fending off fraudsters |
| 260 ## - PUBLICATION, DISTRIBUTION, ETC. | |
| Date of publication, distribution, etc. | 2005 |
| 490 #0 - SERIES STATEMENT | |
| Series statement | Construction News |
| Volume/sequential designation | (6945) 1 December 2005, 26(1) |
| 520 ## - SUMMARY, ETC. | |
| Summary, etc. | Outlines a number of practical steps that organisations can take to minimise the risk from fraud, which is a growing problem in the construction industry. Suggests the setting up of corporate fraud awareness programmes both internally and as part of supply chain management. If fraud is suspected, solicitors should be involved at an early stage, in order to obtain legal privilege for documentation. In the event of fraud being discovered, recommends the use of an interim asset-freezing injunction, and the appointment of forensic accountants to quantify loss. |
| 590 ## - LOCAL NOTE (RLIN) | |
| Local note | IKA061205 |
| 690 ## - LOCAL SUBJECT ADDED ENTRY--TOPICAL TERM (OCLC, RLIN) | |
| Topical term or geographic name as entry element | MANAGEMENT-BUSINESS MANAGEMENT-FINANCIAL MANAGEMENT |
| 942 ## - ADDED ENTRY ELEMENTS (KOHA) | |
| Suppress in OPAC | 0 |
| Withdrawn status | Lost status | Source of classification or shelving scheme | Damaged status | Not for loan | Home library | Current library | Shelving location | Date acquired | Total Checkouts | Full call number | Barcode | Date last seen | Copy number | Price effective from | Koha item type |
|---|---|---|---|---|---|---|---|---|---|---|---|---|---|---|---|
| Dewey Decimal Classification | London | London | Journal article | 05/12/2005 | L131744 | 131744-1001 | 06/08/2019 | 1 | 06/08/2019 | Journal article |